| 000 | 00478cam a2200181ua 4500 | ||
|---|---|---|---|
| 001 | 811 | ||
| 008 | 110421n ii |||gr||||Z||||||eng | ||
| 040 | _cMAIN | ||
| 082 | _a320.5 | ||
| 245 |
_aSocrates, Plato aru Aristotle. _cBy Adyanath Chakravarty. |
||
| 250 | _a1st. | ||
| 260 |
_aGowahati.: _bJyoti prakashan.,992. |
||
| 300 |
_a210 p.: _c20 cm. |
||
| 653 | _aPolitical science. | ||
| 653 | _aSocratis, Plato aru Aristotle. | ||
| 700 | _aChakravarty, Adyanath., | ||
| 942 | _cBK | ||
| 999 |
_c736 _d736 |
||